00479naa a2200133 450000500170000002000250001703700280004210000210007024500870009126000450017827000620022330000410028550000190032620180522155305.0 a978019567924c295.00 bOxford University Press aGooptu, Suparna  aCornelia Sorabji: India's pioneer woman lawyer:ba biography / cby Suparna Gooptu aNew DelhibOxford University Pressc2011 aYMCA Library Building, Jai Singh RoadbNew Delhi e110001 axxvii, 241pc22cm (Hb) bb&w photos  aIncludes index